Polsko-niemieckie adaptacje nazw geograficznych byłego powiatu świeckiego [wojewodztwo bydgoskie]
| Titel: | Polsko-niemieckie adaptacje nazw geograficznych byłego powiatu świeckiego [wojewodztwo bydgoskie] |
|---|---|
| Verfasser: | |
| In: |
Onomastica Slavogermanica, Band 14 (1984), Seite 199-210 alle Artikel anzeigen |
| Veröffentlicht: | 1984 |
| Format: | Aufsatz |
| Sprache: | Polnisch |
X
alg: 39192575 001A $01999:11-11-16 001B $01999:16-05-21 $t20:17:38.000 001C $06050:19-11-16 $t08:51:21.000 001D $01999:11-11-16 001U $0utf8 001X $00 002@ $0Aox 003@ $039192575X 007A $039192575X $aHEB 007T $0Herd21405 010@ $apol 011@ $a1984 021A $aPolsko-niemieckie adaptacje nazw geograficznych byłego powiatu świeckiego [wojewodztwo bydgoskie] 027A $aPolnisch-deutsche Adaptationen der geographischen Namen des Kreises Schwetz 028A $aJakus-Dąbrowska $dEwa 031A $d14 $h199-210 $j1984 039B $aIn $8--Abvc--. Onomastica Slavogermanica. - Stuttgart ; Leipzig : Hirzel, 1965-. - ISSN 0474-1471 $x198400000140000801 $9047296038 045F $a307.09438 $eDDC23BSB 045F/01 $a307.09 045F/03 $g438 045F/03 $g4382 045F/03 $g43832 045T $a7,11 $a7,39 045T $aLING $qDE-30 $2FID 045T $aGER $qDE-30 $2FID 046C $aPolnisch-deutsche Adaptationen der geographischen Namen des Kreises Schwetz $bÜbers. des Hauptsacht. lok: 39192575 78 exp: 39192575 78 1 #EPN 201B/01 $018-04-19 $t22:37:47.000 201U/01 $0utf8 203@/01 $0788021583 208@/01 $a11-11-16 $be 209A/01 $a/ $f000 $x00 220C/01 $aTitelaufnehmer: kl 244Z/01 $2Trx $#Poola $#Lenkija $#Polija $#Polen Land $#Poland $#Lengyelország $#Poľsko $#Polsko $8--Trx--Polska$gkraj $x01 $9391345966 244Z/01 $2Trx $#Prusy Wschodnie i Zachodnie $8--Trx--Ost- und Westpreußen $x02 $939113373X 244Z/01 $#Świecie powiat $#Landkreis Świecki $#Kreis Schwetz $71133221459 $8--Tg1--Powiat Świecki $x03 $9403846188 244Z/01 $2Trx $#nimeteadus asukohad $#onomastika vietovardžiai $#onomatology places $#névtan helységek $#onomastyka, miejscowości $#onomastika miesta $#onomastika místa $#Toponomie $#toponomastyka $#toponomastika $8--Trx--Namenkunde$gOrte $x04 $9391383450 244Z/01 $2Trx $8--Trx--Zeitschriftenaufsatz $x05 $9391384341 245Z/01 $a13.02 $x01 245Z/01 $a11.07 $x02 247C/01 $82080>Marburg/Lahn, Herder-Institut, Forschungsbibliothek, Bibliographieportal $9336309341
| LEADER | 00000caa a22000002c 4500 | ||
|---|---|---|---|
| 001 | 39192575X | ||
| 003 | DE-603 | ||
| 005 | 20210516201738.0 | ||
| 007 | tu | ||
| 008 | 161111s1984 xx |||| | u00||u|pol c | ||
| 035 | |a (DE-599)HEB39192575X | ||
| 040 | |a DE-603 |b ger |c DE-603 |d DE-603 | ||
| 041 | |a pol | ||
| 082 | 0 | 4 | |8 1\u |a 307.09438 |q DE-101 |2 23/BSB |
| 084 | |a 7,11 |a 7,39 |2 ssgn | ||
| 084 | |a LING |q DE-30 |2 fid | ||
| 084 | |a GER |q DE-30 |2 fid | ||
| 085 | |8 1\u |b 307.09 | ||
| 085 | |8 1\u |z 2 |s 438 | ||
| 085 | |8 1\u |z 2 |s 4382 | ||
| 085 | |8 1\u |z 2 |s 43832 | ||
| 100 | 1 | |a Jakus-Dąbrowska, Ewa | |
| 245 | 0 | 0 | |a Polsko-niemieckie adaptacje nazw geograficznych byłego powiatu świeckiego [wojewodztwo bydgoskie] |
| 246 | 1 | |i Übers. des Hauptsacht. |a Polnisch-deutsche Adaptationen der geographischen Namen des Kreises Schwetz | |
| 246 | 1 | 3 | |a Polnisch-deutsche Adaptationen der geographischen Namen des Kreises Schwetz |
| 264 | 0 | |c 1984 | |
| 773 | 0 | 8 | |i In |t Onomastica Slavogermanica |d Stuttgart ; Leipzig : Hirzel, 1965- |h 24 cm |x 0474-1471 |g Band 14 (1984), Seite 199-210 |w (DE-603)047296038 |w (DE-600)207370-5 |
| 924 | 0 | |9 2080 |a (DE-603)788021583 |b DE-2080 |c HES |d d |g / | |


